00822nam a2200217 a 450000100100000000500170001000800410002704000250006808200160009310000360010924500970014526000410024230000280028349000250031150000470033670000440038383000310042704900090045895201200046799900170058700002356620200930022319.0101213s1941 sp r 000 0 spa d aDO-SdBNPbspacBNPHU axxxxbP438o1 aPérez Galdós, Benito94507710aObras completas /cBenito Pérez Galdós ; introducción Federico Carlos Sainz de Robles. aMadrid :bM. Aguialar Editor,c1941. axciv, 1603 p. ;c18 cm.1 aEpisodios nacionales aIncluye referencia biográfica del autor.1 aSainz de Robles, Federico carlos916670 0aEpisodios nacionales94938 aBNGR 001054708MOaGRbGRcCTd2010-12-13iLF1l0oxxxx P438op23566-10r2020-06-25w2020-06-25y4ZPréstamo en sala c23062d23062